Normal view MARC view

Entry Personal Name

Number of records used in: 1

001 - CONTROL NUMBER

  • control field: 9497

003 - CONTROL NUMBER IDENTIFIER

  • control field: DLC

005 - DATE AND TIME OF LATEST TRANSACTION

  • control field: 20230916104443.0

008 - FIXED-LENGTH DATA ELEMENTS

  • fixed length control field: 890228n| acannaab| |n aaa |||

010 ## - LIBRARY OF CONGRESS CONTROL NUMBER

  • LC control number: n 88230263

040 ## - CATALOGING SOURCE

  • Original cataloging agency: DLC
  • Transcribing agency: DLC
  • Modifying agency: DLC

100 10 - HEADING--PERSONAL NAME

  • Personal name: David, Marc

670 ## - SOURCE DATA FOUND

  • Source citation: His Vitamins and OTC nutritional supplements, c1987:
  • Information found: t.p. (Marc David)

670 ## - SOURCE DATA FOUND

  • Source citation: Nourishing wisdom, 1994:
  • Information found: CIP t.p. (Marc David) data sheet (b. 11-01-58)

Powered by Koha